[Event "FBL S"]
[Site "?"]
[Date "2018.10.28"]
[Round "2.5"]
[White "Amelang, Astrid"]
[Black "Thiery, Jennifer"]
[Result "0-1"]
[WhiteElo "2094"]
[BlackElo "1779"]
[PlyCount "114"]
[EventDate "2018.10.27"]
[EventType "team-tourn"]
[EventCountry "GER"]
[WhiteTeam "Augsburg SG"]
[BlackTeam "Wadgassen SF"]
[WhiteTeamCountry "GER"]
[BlackTeamCountry "GER"]

1. f4 d5 2. Nf3 Nf6 3. e3 c5 4. b3 g6 5. Bb2 Bg7 6. Be2 O-O 7. O-O Nbd7 8. Ne5
a6 9. d3 Qc7 10. Nd2 b5 11. d4 Rb8 12. Bf3 c4 13. c3 a5 14. bxc4 bxc4 15. Ba3
Re8 16. g4 e6 17. g5 Nxe5 18. fxe5 Nd7 19. Bd6 Qd8 20. h4 Rb6 21. Bg2 Bf8 22.
Bxf8 Rxf8 23. e4 Bb7 24. Qe2 h6 25. Qg4 hxg5 26. hxg5 Kg7 27. Rf2 Rb2 28. exd5
exd5 29. Raf1 Qe7 30. Re2 Nb6 31. Qf4 Nd7 32. Kf2 Rh8 33. Rh1 Rxh1 34. Bxh1 Qe6
35. Bf3 Qf5 36. Qxf5 gxf5 37. Ke3 Rxa2 38. Nb1 Rxe2+ 39. Bxe2 Kg6 40. Kf4 Nf8
41. Na3 Bc6 42. e6 Nxe6+ 43. Ke5 Kxg5 44. Kd6 Nf4 45. Bf3 Ba4 46. Kc5 Kf6 47.
Kb6 Ke6 48. Kxa5 Bd7 49. Kb6 Kd6 50. Nc2 Nd3 51. Ka5 f4 52. Kb6 Ba4 53. Na3 Ne1
54. Bg4 f3 55. Nb1 f2 56. Nd2 Bc2 57. Kb5 Ng2 0-1

[Event "FBL S"]
[Site "?"]
[Date "2018.10.28"]
[Round "2.6"]
[White "Leinenbach, Janine"]
[Black "Braun, Kristin"]
[Result "1/2-1/2"]
[WhiteElo "1742"]
[BlackElo "1939"]
[PlyCount "77"]
[EventDate "2018.10.27"]
[EventType "team-tourn"]
[EventCountry "GER"]
[WhiteTeam "Wadgassen SF"]
[BlackTeam "Augsburg SG"]
[WhiteTeamCountry "GER"]
[BlackTeamCountry "GER"]

1. c4 Nf6 2. d4 g6 3. Nc3 Bg7 4. Nf3 d6 5. e4 O-O 6. Be2 e5 7. dxe5 dxe5 8.
Qxd8 Rxd8 9. Bg5 Re8 10. Rd1 h6 11. Bxf6 Bxf6 12. Nb5 Na6 13. O-O Be6 14. b3
Rec8 15. Rd2 c6 16. Nc3 Rd8 17. Rfd1 Kf8 18. Rxd8+ Rxd8 19. Rxd8+ Bxd8 20. Nxe5
Bf6 21. f4 Bxe5 22. fxe5 Nc5 23. Kf2 Nd7 24. h3 Nxe5 25. Ke3 Ke7 26. Bd1 Kd6
27. Kd4 c5+ 28. Ke3 a6 29. Be2 Nc6 30. Bd3 Nd4 31. Ne2 Nxe2 32. Bxe2 g5 33. a4
a5 34. g4 Ke5 35. Bf3 h5 36. Be2 hxg4 37. hxg4 f6 38. Bd1 Bd7 39. Be2 1/2-1/2

[Event "FBL S"]
[Site "?"]
[Date "2018.10.28"]
[Round "2.1"]
[White "Troyke, Doreen"]
[Black "Afraoui, Anaelle"]
[Result "1/2-1/2"]
[WhiteElo "2075"]
[BlackElo "2028"]
[PlyCount "101"]
[EventDate "2018.10.27"]
[EventType "team-tourn"]
[EventCountry "GER"]
[WhiteTeam "Erfurt SV Medizin"]
[BlackTeam "Langen SK"]
[WhiteTeamCountry "GER"]
[BlackTeamCountry "GER"]

1. c4 Nf6 2. g3 g6 3. Bg2 Bg7 4. Nc3 O-O 5. e3 d6 6. Nge2 e5 7. O-O c6 8. d4
Nbd7 9. b3 Re8 10. Bb2 Qc7 11. Rc1 Nf8 12. Qc2 exd4 13. Nxd4 Ne6 14. Nxe6 Bxe6
15. Qb1 Ng4 16. Ne4 Bf5 17. Bxg7 Bxe4 18. Bxe4 Kxg7 19. Bg2 Qe7 20. Qd3 Rad8
21. Rfd1 h5 22. Qd4+ Qf6 23. Rc2 a6 24. Rcd2 Ne5 25. h3 Re6 26. f4 Nd7 27. e4
Qxd4+ 28. Rxd4 Nf6 29. e5 Ne8 30. h4 f6 31. exf6+ Nxf6 32. Bh3 Re3 33. R4d3
Rxd3 34. Rxd3 Kf7 35. Kf2 d5 36. cxd5 Nxd5 37. f5 gxf5 38. Bxf5 Rf8 39. Rf3 Nf6
40. Bd3 Rd8 41. Ke3 Ke6 42. Kf4 Rd4+ 43. Ke3 c5 44. Bc4+ Ke5 45. Bf7 Re4+ 46.
Kd3 Rd4+ 47. Ke3 Rg4 48. Kd3 Rd4+ 49. Ke3 Rd6 50. Ke2 Rd4 51. Ke3 1/2-1/2

[Event "FBL S"]
[Site "?"]
[Date "2018.10.28"]
[Round "2.2"]
[White "Rollot, Florence"]
[Black "Nguyen, Ha Thanh"]
[Result "1/2-1/2"]
[WhiteElo "2011"]
[BlackElo "1864"]
[PlyCount "76"]
[EventDate "2018.10.27"]
[EventType "team-tourn"]
[EventCountry "GER"]
[WhiteTeam "Langen SK"]
[BlackTeam "Erfurt SV Medizin"]
[WhiteTeamCountry "GER"]
[BlackTeamCountry "GER"]

1. c4 Nf6 2. g3 g6 3. Bg2 d5 4. cxd5 Nxd5 5. Nc3 Nxc3 6. bxc3 Bg7 7. Ba3 c6 8.
Rb1 Nd7 9. Nf3 Nb6 10. Bb4 Bf5 11. Rc1 O-O 12. O-O Re8 13. Qb3 Be6 14. Qc2 Qc8
15. Ng5 Bh6 16. Nxe6 Qxe6 17. e3 Rad8 18. c4 Qd7 19. d4 Rb8 20. Rfd1 Qc8 21.
Qb3 Bf8 22. Qa3 Ra8 23. d5 cxd5 24. cxd5 Qd7 25. d6 exd6 26. Bxd6 Bxd6 27. Qxd6
Qxd6 28. Rxd6 Re7 29. Rc5 Rae8 30. Rd4 Kg7 31. Rb4 Rd8 32. Bf3 Rdd7 33. Rcb5
Rc7 34. a4 h6 35. a5 Nc4 36. Rd5 b6 37. axb6 Nxb6 38. Rd1 Rc2 1/2-1/2

[Event "FBL S"]
[Site "?"]
[Date "2018.10.28"]
[Round "2.3"]
[White "Mueller Ludwig, Kristin"]
[Black "Achatz, Kirstin"]
[Result "1-0"]
[WhiteElo "2005"]
[BlackElo "1981"]
[PlyCount "87"]
[EventDate "2018.10.27"]
[EventType "team-tourn"]
[EventCountry "GER"]
[WhiteTeam "Erfurt SV Medizin"]
[BlackTeam "Langen SK"]
[WhiteTeamCountry "GER"]
[BlackTeamCountry "GER"]

1. e4 c5 2. Nf3 Nc6 3. d4 cxd4 4. Nxd4 Nf6 5. Nc3 e5 6. Ndb5 d6 7. Bg5 a6 8.
Bxf6 gxf6 9. Na3 b5 10. Nd5 Be6 11. c3 f5 12. exf5 Bxf5 13. Qf3 Be6 14. Nf6+
Ke7 15. Nc2 Rc8 16. Ne3 Bg7 17. Nfd5+ Kf8 18. a4 Na5 19. axb5 axb5 20. Bxb5 Rb8
21. Qe2 f5 22. g3 Bh6 23. f4 Nb3 24. Rd1 exf4 25. Qh5 Qg5 26. Qxg5 Bxg5 27. Nc7
Bf7 28. Ned5 Bd8 29. c4 Nc5 30. O-O f3 31. Rxf3 Rb7 32. Na6 Nxa6 33. Bxa6 Rxb2
34. Rxf5 Kg7 35. Rdf1 Bg6 36. R5f2 Rb3 37. Bb5 Ba5 38. Rf6 Rd8 39. Ra1 Ra8 40.
Raf1 Rd8 41. Re6 Bc3 42. Nxc3 Rxc3 43. Rd1 Rd3 44. Rxg6+ 1-0

[Event "FBL S"]
[Site "?"]
[Date "2018.10.28"]
[Round "2.4"]
[White "Poetsch, Leonore"]
[Black "Reuter, Elisa"]
[Result "0-1"]
[WhiteElo "2042"]
[BlackElo "1786"]
[PlyCount "150"]
[EventDate "2018.10.27"]
[EventType "team-tourn"]
[EventCountry "GER"]
[WhiteTeam "Langen SK"]
[BlackTeam "Erfurt SV Medizin"]
[WhiteTeamCountry "GER"]
[BlackTeamCountry "GER"]

1. e4 c5 2. c3 Nf6 3. e5 Nd5 4. d4 cxd4 5. cxd4 e6 6. Nc3 Nxc3 7. bxc3 Qc7 8.
Bd2 b6 9. Nf3 Bb7 10. Bd3 d6 11. exd6 Bxd6 12. O-O Nd7 13. h3 O-O 14. c4 Nf6
15. Rc1 Rac8 16. Re1 Bf4 17. Ne5 Bxd2 18. Qxd2 Rfd8 19. Qf4 Ba8 20. Re3 Qb7 21.
Qg5 h6 22. Qg3 Nh5 23. Qh2 Rxd4 24. Be2 Nf6 25. Bf3 Qc7 26. Bxa8 Rxa8 27. Nf3
Qxh2+ 28. Kxh2 Rd7 29. c5 Rc7 30. Rec3 Rac8 31. c6 Nd5 32. Rc4 Ne7 33. Nd4 e5
34. Nb5 Rxc6 35. Rxc6 Rxc6 36. Rd1 a6 37. Rd8+ Kh7 38. Rd7 axb5 39. Rxe7 f6 40.
Rb7 Kg6 41. Kg3 b4 42. Kf3 f5 43. g4 fxg4+ 44. hxg4 Kf6 45. Kg3 b3 46. axb3
Rc3+ 47. f3 Rxb3 48. Kf2 g6 49. Rh7 Kg5 50. Re7 Rb5 51. Kg3 Rc5 52. Rb7 b5 53.
Rb6 h5 54. gxh5 gxh5 55. Rb8 h4+ 56. Kh3 Rc3 57. Rg8+ Kf4 58. Rf8+ Ke3 59. Kxh4
Rc4+ 60. Kg5 Rf4 61. Rb8 b4 62. Rb5 Kxf3 63. Rxe5 Re4 64. Rb5 Ke3 65. Kf5 Kd3
66. Rb8 Rc4 67. Ke5 Kc3 68. Kd5 b3 69. Rb6 Rb4 70. Rc6+ Kd3 71. Rh6 b2 72. Rh3+
Kc2 73. Rh2+ Kb3 74. Rh3+ Ka2 75. Rh2 Ka1 0-1

[Event "FBL S"]
[Site "?"]
[Date "2018.10.28"]
[Round "2.5"]
[White "Umpfenbach, Carolin"]
[Black "Ehmann, Johanna"]
[Result "0-1"]
[WhiteElo "2093"]
[BlackElo "1848"]
[PlyCount "112"]
[EventDate "2018.10.27"]
[EventType "team-tourn"]
[EventCountry "GER"]
[WhiteTeam "Erfurt SV Medizin"]
[BlackTeam "Langen SK"]
[WhiteTeamCountry "GER"]
[BlackTeamCountry "GER"]

1. d4 d5 2. c4 e6 3. Nc3 c5 4. cxd5 cxd4 5. Qxd4 Nc6 6. Qd1 exd5 7. e3 Nf6 8.
Nf3 Bc5 9. Bb5 O-O 10. O-O a6 11. Bxc6 bxc6 12. Nd4 Qd6 13. h3 Bb6 14. Nce2 Bc7
15. f4 Ne4 16. Qe1 c5 17. Nf3 Qg6 18. Kh1 Bd8 19. Nd2 Bf5 20. Nxe4 Bxe4 21. Qg3
Qh6 22. Nc3 Bh4 23. Qh2 f5 24. Nxe4 dxe4 25. g4 Be7 26. b3 Rad8 27. g5 Qh5 28.
Bb2 Rd3 29. Rae1 Rfd8 30. Re2 Rd1 31. Qg2 R1d3 32. Rc1 a5 33. Bc3 Ra8 34. Be5
a4 35. bxa4 Rxa4 36. Rb1 Rb4 37. Rc1 c4 38. Bd4 Ra4 39. Rec2 Rd1+ 40. Rxd1
Qxd1+ 41. Kh2 Kf7 42. Qe2 Qxe2+ 43. Rxe2 Bb4 44. Kg2 c3 45. Kf2 g6 46. Rc2 Ra3
47. Ke2 Ke6 48. Bf6 Kd5 49. Bd4 Kc4 50. Bf6 Ra8 51. Bd4 Ba5 52. Be5 Rd8 53. Bf6
Rb8 54. Kd1 Rb1+ 55. Rc1 Rxc1+ 56. Kxc1 Kd3 0-1

[Event "FBL S"]
[Site "?"]
[Date "2018.10.28"]
[Round "2.6"]
[White "Kunisch, Nina"]
[Black "Kube, Hannelore"]
[Result "1-0"]
[WhiteElo "1740"]
[BlackElo "1904"]
[PlyCount "55"]
[EventDate "2018.10.27"]
[EventType "team-tourn"]
[EventCountry "GER"]
[WhiteTeam "Langen SK"]
[BlackTeam "Erfurt SV Medizin"]
[WhiteTeamCountry "GER"]
[BlackTeamCountry "GER"]

1. e4 e5 2. Nf3 Nc6 3. Bc4 Nf6 4. O-O Bc5 5. c3 O-O 6. d4 Be7 7. Re1 d6 8. h3
exd4 9. cxd4 d5 10. exd5 Nxd5 11. Bxd5 Qxd5 12. Nc3 Qd8 13. d5 Nb4 14. a3 Na6
15. Bf4 Bf6 16. Qd2 Bf5 17. Be5 Re8 18. Qf4 Bxe5 19. Nxe5 Bg6 20. Re3 Qf6 21.
Qxf6 gxf6 22. Ng4 Rxe3 23. Nxe3 Kf8 24. b4 Ke8 25. Re1 Kd7 26. Ng4 f5 27. Nf6+
Kd6 28. Nb5# 1-0

[Event "FBL S"]
[Site "?"]
[Date "2018.10.28"]
[Round "2.1"]
[White "Horther Schneider, Elsbeth"]
[Black "Hund, Barbara"]
[Result "0-1"]
[WhiteElo "1872"]
[BlackElo "2123"]
[PlyCount "116"]
[EventDate "2018.10.27"]
[EventType "team-tourn"]
[EventCountry "GER"]
[WhiteTeam "Regensburg SC Bavaria"]
[BlackTeam "Freiburg SK Zaehringen"]
[WhiteTeamCountry "GER"]
[BlackTeamCountry "GER"]

1. e4 e5 2. Nf3 Nc6 3. d4 exd4 4. Nxd4 Nf6 5. Nxc6 bxc6 6. Bd3 d5 7. exd5 cxd5
8. Bb5+ Bd7 9. Qe2+ Be7 10. Bxd7+ Qxd7 11. O-O O-O 12. Bf4 Rfe8 13. Qd3 Rab8
14. Nd2 Bd6 15. Bxd6 Qxd6 16. b3 Qa3 17. Nb1 Qc5 18. Nc3 d4 19. Ne2 Rbd8 20.
Ng3 Nd5 21. a3 Nc3 22. b4 Qe5 23. Qd2 g6 24. Rfe1 Qf6 25. Rxe8+ Rxe8 26. Re1
Rxe1+ 27. Qxe1 Qc6 28. h3 Nb5 29. Qe5 f6 30. Qe7 f5 31. Qd8+ Kf7 32. a4 Nd6 33.
Qh8 h5 34. Qxd4 Qxc2 35. Qxa7 h4 36. Nf1 Ne4 37. Qd4 Qxa4 38. Ne3 Qc6 39. Qc4+
Qxc4 40. Nxc4 Ke6 41. b5 Nd6 42. b6 c5 43. Kf1 g5 44. Ke2 Kd7 45. Na5 Kc8 46.
Ke3 Nb7 47. Nc4 Kd7 48. Ne5+ Ke6 49. Nc4 Kd5 50. Kd3 Kc6 51. g3 g4 52. Ne3 gxh3
53. Nf1 hxg3 54. fxg3 Nd6 55. Nh2 Kxb6 56. Nf1 Kb5 57. Kc3 Ne4+ 58. Kd3 Nf2+
0-1

[Event "FBL S"]
[Site "?"]
[Date "2018.10.28"]
[Round "2.2"]
[White "Hund, Sarah"]
[Black "Blanter, Sofya"]
[Result "1-0"]
[WhiteElo "2023"]
[BlackElo "1772"]
[PlyCount "51"]
[EventDate "2018.10.27"]
[EventType "team-tourn"]
[EventCountry "GER"]
[WhiteTeam "Freiburg SK Zaehringen"]
[BlackTeam "Regensburg SC Bavaria"]
[WhiteTeamCountry "GER"]
[BlackTeamCountry "GER"]

1. e4 c6 2. d4 d5 3. exd5 cxd5 4. Bd3 Nf6 5. c3 Nc6 6. Bf4 Qb6 7. Qb3 Qxb3 8.
axb3 Bg4 9. Na3 Rc8 10. Ne2 a6 11. b4 e6 12. b5 Nb8 13. Nc2 Bf5 14. Bxf5 exf5
15. Ne3 Nh5 16. Nxf5 Nxf4 17. Nxf4 g6 18. Ne3 Bh6 19. Nfxd5 O-O 20. Ne7+ Kg7
21. Nxc8 Rxc8 22. bxa6 Nxa6 23. O-O Nc7 24. f4 Ne6 25. g3 Re8 26. Ng4 1-0

[Event "FBL S"]
[Site "?"]
[Date "2018.10.28"]
[Round "2.3"]
[White "Pavlov, Liliane"]
[Black "Hund, Isabel"]
[Result "1/2-1/2"]
[WhiteElo "1700"]
[BlackElo "2062"]
[PlyCount "38"]
[EventDate "2018.10.27"]
[EventType "team-tourn"]
[EventCountry "GER"]
[WhiteTeam "Regensburg SC Bavaria"]
[BlackTeam "Freiburg SK Zaehringen"]
[WhiteTeamCountry "GER"]
[BlackTeamCountry "GER"]

1. d4 Nf6 2. Nc3 d5 3. Bg5 Nbd7 4. e3 e6 5. a3 Be7 6. f4 Ne4 7. Bxe7 Qxe7 8.
Nxe4 dxe4 9. Ne2 O-O 10. Ng3 f5 11. Be2 c5 12. c3 Nf6 13. O-O b6 14. Bc4 Kh8
15. h3 Bb7 16. Re1 cxd4 17. cxd4 Rac8 18. Rc1 Bd5 19. Qe2 Qd7 1/2-1/2

[Event "FBL S"]
[Site "?"]
[Date "2018.10.28"]
[Round "2.4"]
[White "Thode, Gilda"]
[Black "Oberhofer, Marie"]
[Result "1-0"]
[WhiteElo "1948"]
[BlackElo "1724"]
[PlyCount "41"]
[EventDate "2018.10.27"]
[EventType "team-tourn"]
[EventCountry "GER"]
[WhiteTeam "Freiburg SK Zaehringen"]
[BlackTeam "Regensburg SC Bavaria"]
[WhiteTeamCountry "GER"]
[BlackTeamCountry "GER"]

1. d4 Nf6 2. Nf3 e6 3. Bg5 d5 4. Nbd2 c5 5. e3 Be7 6. c3 O-O 7. Bd3 Nc6 8. h4
Ng4 9. Bxe7 Qxe7 10. Bxh7+ Kxh7 11. Ng5+ Kg8 12. Qxg4 e5 13. Qh5 Bf5 14. Qf3
Bg6 15. dxc5 d4 16. Nb3 dxc3 17. bxc3 a5 18. a4 e4 19. Qg3 f6 20. h5 fxg5 21.
hxg6 1-0

[Event "FBL S"]
[Site "?"]
[Date "2018.10.28"]
[Round "2.5"]
[White "Schilay, Eva"]
[Black "Neisius, Laura Maria"]
[Result "1-0"]
[WhiteElo "1690"]
[BlackElo "1655"]
[PlyCount "81"]
[EventDate "2018.10.27"]
[EventType "team-tourn"]
[EventCountry "GER"]
[WhiteTeam "Regensburg SC Bavaria"]
[BlackTeam "Freiburg SK Zaehringen"]
[WhiteTeamCountry "GER"]
[BlackTeamCountry "GER"]

1. Nc3 d5 2. e4 dxe4 3. Nxe4 Bf5 4. Nc3 e6 5. d4 Bd6 6. Nf3 c6 7. Bd3 Bg4 8.
Ne4 Bc7 9. c3 h6 10. Nc5 Qc8 11. h3 Bxf3 12. Qxf3 Nd7 13. Ne4 Ne7 14. Bf4 e5
15. dxe5 Nxe5 16. Bxe5 Bxe5 17. O-O O-O 18. Rfe1 Qc7 19. Bc4 a5 20. a4 Rad8 21.
Rad1 Nd5 22. Nc5 Bd6 23. Nb3 Nf6 24. Nd4 Rfe8 25. Nf5 Rxe1+ 26. Rxe1 Bc5 27.
Nxh6+ gxh6 28. Qxf6 Bf8 29. Bxf7+ Qxf7 30. Qxd8 Kg7 31. Qd4+ Qf6 32. Qxf6+ Kxf6
33. Re8 Bd6 34. Rh8 Kg7 35. Rd8 Be5 36. Rd7+ Kg6 37. Rxb7 Kf5 38. Ra7 Ke4 39.
Rxa5 Bd6 40. Rh5 Bf8 41. a5 1-0

[Event "FBL S"]
[Site "?"]
[Date "2018.10.28"]
[Round "2.6"]
[White "Denz, Annika"]
[Black "Wetzler, Sophia"]
[Result "0-1"]
[WhiteElo "1649"]
[BlackElo "1695"]
[PlyCount "116"]
[EventDate "2018.10.27"]
[EventType "team-tourn"]
[EventCountry "GER"]
[WhiteTeam "Freiburg SK Zaehringen"]
[BlackTeam "Regensburg SC Bavaria"]
[WhiteTeamCountry "GER"]
[BlackTeamCountry "GER"]

1. e4 e5 2. Nf3 Nc6 3. Bc4 Bc5 4. c3 d6 5. d4 exd4 6. cxd4 Bb4+ 7. Kf1 Bg4 8.
d5 Ne5 9. Qa4+ Qd7 10. Qxb4 Bxf3 11. gxf3 Qh3+ 12. Ke1 Qxf3 13. Rg1 Qxe4+ 14.
Be3 Qxc4 15. Qxc4 Nxc4 16. b3 Ne5 17. Ke2 Ne7 18. Nc3 O-O 19. h4 Nf5 20. Rg2
Nxh4 21. Rh2 Neg6 22. Kd3 a6 23. Rah1 Nf5 24. Bd2 Rae8 25. Ne4 f6 26. a3 Kf7
27. Re1 Ne5+ 28. Ke2 Ng4 29. Kd3 Nxh2 30. Rh1 Nf3 31. Nc3 Nxd2 32. Kxd2 h6 33.
Rg1 Nd4 34. b4 Nf3+ 35. Kc2 Nxg1 36. Kd3 h5 37. a4 h4 38. Ne4 h3 39. Ng3 h2 40.
Kc3 Re1 41. Kc4 Nf3 42. b5 axb5+ 43. Kxb5 h1=Q 44. Nxh1 Rxh1 45. a5 Ra8 46. Kc4
Rxa5 47. Kd3 Rxd5+ 48. Ke4 Rd4+ 49. Kxf3 b5 50. Ke3 c5 51. Kf3 b4 52. Kg2 Re1
53. f3 b3 54. Kf2 b2 55. f4 b1=Q 56. f5 Rd2+ 57. Kg3 Qd3+ 58. Kg4 Rg2+ 0-1

[Event "FBL S"]
[Site "?"]
[Date "2018.10.28"]
[Round "2.1"]
[White "Timofeeva, Galina"]
[Black "Worek, Joanna"]
[Result "0-1"]
[WhiteElo "2026"]
[BlackElo "2270"]
[PlyCount "68"]
[EventDate "2018.10.27"]
[EventType "team-tourn"]
[EventCountry "GER"]
[WhiteTeam "Stuttgart SV Wolfbusch"]
[BlackTeam "Mainz TSV Schott"]
[WhiteTeamCountry "GER"]
[BlackTeamCountry "GER"]

1. e4 c5 2. Nf3 Nc6 3. d3 d5 4. Nbd2 Nf6 5. exd5 Nxd5 6. g3 Bg4 7. Bg2 e6 8.
O-O Be7 9. Nc4 Bh5 10. Qd2 Qc7 11. Re1 Bf6 12. Ng5 O-O 13. Ne4 Be7 14. c3 h6
15. Qc2 Rad8 16. Ne3 f5 17. Nxd5 exd5 18. Nd2 f4 19. Nf1 fxg3 20. Nxg3 Bg6 21.
Qe2 Bf6 22. Qg4 Kh7 23. Nh5 Be5 24. Ng3 Bxd3 25. Rd1 Bxg3 26. hxg3 Bc2 27. Re1
Qf7 28. Qe2 Qg6 29. Bf4 d4 30. Qe6 Rf6 31. Qe2 Bf5 32. Qc4 b6 33. Rad1 Kh8 34.
Bxc6 Rxc6 0-1

[Event "FBL S"]
[Site "?"]
[Date "2018.10.28"]
[Round "2.2"]
[White "Brandl, Lea Maria"]
[Black "Li, Zhuoling"]
[Result "0-1"]
[WhiteElo "1900"]
[BlackElo "2062"]
[PlyCount "124"]
[EventDate "2018.10.27"]
[EventType "team-tourn"]
[EventCountry "GER"]
[WhiteTeam "Mainz TSV Schott"]
[BlackTeam "Stuttgart SV Wolfbusch"]
[WhiteTeamCountry "GER"]
[BlackTeamCountry "GER"]

1. d4 Nf6 2. c4 g6 3. Nc3 d5 4. cxd5 Nxd5 5. Bd2 Nb6 6. Nf3 Bg7 7. e3 O-O 8.
Be2 N8d7 9. e4 c6 10. Bf4 Qe8 11. O-O e5 12. dxe5 Nxe5 13. Nxe5 Bxe5 14. Bh6
Bg7 15. Bxg7 Kxg7 16. Qd4+ Kg8 17. f4 Qe7 18. Rad1 Bd7 19. f5 Rfd8 20. f6 Qf8
21. Qe3 Be6 22. b3 Rxd1 23. Bxd1 Nd7 24. Kh1 Qc5 25. Qf3 Rd8 26. Ne2 Qg5 27.
Qd3 Re8 28. Qd4 c5 29. Qc3 b6 30. Ng1 h5 31. Qf3 Bg4 32. Qg3 Nxf6 33. Nh3 Qd2
34. Bxg4 Nxg4 35. Nf4 Qe3 36. Qxe3 Nxe3 37. Re1 Ng4 38. Kg1 Nf6 39. e5 g5 40.
Nd3 Nd7 41. Kf2 Kf8 42. Kg3 Ke7 43. h4 Rg8 44. Re2 Ke6 45. Kh3 b5 46. Rc2 Kd5
47. Rf2 c4 48. bxc4+ bxc4 49. Nb4+ Ke6 50. Nc6 Nxe5 51. Nxe5 Kxe5 52. hxg5 c3
53. Rxf7 Rc8 54. Rf1 c2 55. Rc1 Kf5 56. Kh4 Kg6 57. a3 Rc4+ 58. Kg3 Kxg5 59.
Kf3 h4 60. Ke3 Kg4 61. Kd3 Rc8 62. a4 Kg3 0-1

[Event "FBL S"]
[Site "?"]
[Date "2018.10.28"]
[Round "2.3"]
[White "Siegl, Melina"]
[Black "Krasnopeyeva, Julia"]
[Result "0-1"]
[WhiteElo "2019"]
[BlackElo "1914"]
[PlyCount "90"]
[EventDate "2018.10.27"]
[EventType "team-tourn"]
[EventCountry "GER"]
[WhiteTeam "Stuttgart SV Wolfbusch"]
[BlackTeam "Mainz TSV Schott"]
[WhiteTeamCountry "GER"]
[BlackTeamCountry "GER"]

1. e4 c5 2. Nf3 e6 3. d3 g6 4. g3 Bg7 5. Bg2 Ne7 6. Nbd2 Nbc6 7. c3 O-O 8. O-O
b6 9. g4 Qc7 10. h4 d5 11. Nh2 Ba6 12. c4 Rad8 13. Qa4 Bb7 14. f4 Bd4+ 15. Kh1
Be3 16. f5 dxc4 17. f6 Nc8 18. Nxc4 Bxc1 19. Raxc1 Rxd3 20. Qc2 Rfd8 21. Rce1
Nb4 22. Qc1 Kh8 23. Nf3 Rg8 24. Nce5 Rxf3 25. Nxf3 g5 26. Nxg5 Nd3 27. Qc3 Nxe1
28. Qe5 Qd7 29. Nxh7 Qd2 30. Bh3 Kxh7 31. Qh5+ Qh6 32. Qxf7+ Kh8 33. Rxe1 Qxh4
34. Re3 Bxe4+ 35. Kg1 Bd5 36. b3 Nd6 37. Qc7 Qg5 38. Re2 Qc1+ 39. Bf1 Rxg4+ 40.
Kf2 Qf4+ 41. Ke1 Qg3+ 42. Rf2 Qc3+ 43. Rd2 Qc1+ 44. Ke2 Re4+ 45. Kf3 Qxf1+ 0-1

[Event "FBL S"]
[Site "?"]
[Date "2018.10.28"]
[Round "2.4"]
[White "Katte, Isabel"]
[Black "Klotz, Sonja"]
[Result "0-1"]
[WhiteElo "1926"]
[BlackElo "1964"]
[PlyCount "66"]
[EventDate "2018.10.27"]
[EventType "team-tourn"]
[EventCountry "GER"]
[WhiteTeam "Mainz TSV Schott"]
[BlackTeam "Stuttgart SV Wolfbusch"]
[WhiteTeamCountry "GER"]
[BlackTeamCountry "GER"]

1. e4 c5 2. Nc3 Nc6 3. f4 g6 4. Nf3 Bg7 5. Bc4 e6 6. e5 d5 7. exd6 Qxd6 8. d3
Nf6 9. O-O O-O 10. Ne4 Qe7 11. Qe1 a6 12. a4 b6 13. Neg5 h6 14. Ne4 Bb7 15. c3
Rad8 16. Ne5 Qc7 17. Nxf7 Rxf7 18. Bxe6 Rxd3 19. Nxf6+ Bxf6 20. Qe4 Rdd7 21.
Qxg6+ Bg7 22. f5 Ne5 23. Qg3 Rd3 24. Be3 Qc6 25. Bxf7+ Kxf7 26. Rf2 Bf6 27.
Raf1 Bg5 28. Qxe5 Rxe3 29. Qh8 Qf6 30. Qb8 Qc6 31. Qh8 Qf6 32. Qb8 Re7 33. Qd8
Be3 0-1

[Event "FBL S"]
[Site "?"]
[Date "2018.10.28"]
[Round "2.5"]
[White "Froehlich, Franziska"]
[Black "Kalina, Lena"]
[Result "1/2-1/2"]
[WhiteElo "1823"]
[BlackElo "1439"]
[PlyCount "82"]
[EventDate "2018.10.27"]
[EventType "team-tourn"]
[EventCountry "GER"]
[WhiteTeam "Stuttgart SV Wolfbusch"]
[BlackTeam "Mainz TSV Schott"]
[WhiteTeamCountry "GER"]
[BlackTeamCountry "GER"]

1. e4 c5 2. c3 g6 3. Nf3 Bg7 4. d4 cxd4 5. cxd4 d5 6. e5 a6 7. Nc3 Bg4 8. Be2
Nc6 9. O-O e6 10. Be3 Nge7 11. Qd2 Nf5 12. Rfd1 O-O 13. Rac1 Rc8 14. h3 Bxf3
15. Bxf3 Rc7 16. Bg4 Nxe3 17. Qxe3 Qe7 18. Ne2 Rfc8 19. Nf4 Rd8 20. Rc3 Rdd7
21. Nd3 Na7 22. Nc5 Rd8 23. Rdc1 Nb5 24. R3c2 Rdc8 25. Bd1 a5 26. a4 Na7 27.
Rc3 b6 28. Nb3 Rxc3 29. Rxc3 Rxc3 30. Qxc3 Qd7 31. Nd2 Qc6 32. Kf1 Qxc3 33.
bxc3 b5 34. Ke2 Bf8 35. Kd3 b4 36. Nb3 bxc3 37. Nxa5 Bb4 38. Nb7 Nc6 39. Bb3
Kf8 40. Nc5 Ke7 41. f4 Kf8 1/2-1/2

[Event "FBL S"]
[Site "?"]
[Date "2018.10.28"]
[Round "2.6"]
[White "Zemke, Christine"]
[Black "Gassmann, Linda"]
[Result "1/2-1/2"]
[WhiteElo "1704"]
[BlackElo "1897"]
[PlyCount "60"]
[EventDate "2018.10.27"]
[EventType "team-tourn"]
[EventCountry "GER"]
[WhiteTeam "Mainz TSV Schott"]
[BlackTeam "Stuttgart SV Wolfbusch"]
[WhiteTeamCountry "GER"]
[BlackTeamCountry "GER"]

1. d4 d5 2. e3 Nf6 3. Bd3 e6 4. Nd2 c5 5. c3 Nc6 6. f4 cxd4 7. exd4 Bd6 8. g3
Qc7 9. Qe2 O-O 10. Ngf3 a6 11. O-O Bd7 12. Ne5 Na5 13. Nxd7 Qxd7 14. Nf3 Qc7
15. Ne5 Rac8 16. Rf2 Rfe8 17. g4 Qe7 18. g5 Nd7 19. Qh5 g6 20. Qf3 b5 21. h4
Nc4 22. h5 Bb8 23. hxg6 fxg6 24. Qh3 Ncxe5 25. fxe5 Rf8 26. Bf4 Rf7 27. Raf1
Rcf8 28. Qg4 Ba7 29. Kg2 Bb6 30. Qg3 Ba7 1/2-1/2

[Event "FBL S"]
[Site "?"]
[Date "2018.11.17"]
[Round "3.1"]
[White "Woniak, Katarzyna"]
[Black "Timofeeva, Galina"]
[Result "0-1"]
[WhiteElo "1944"]
[BlackElo "2032"]
[PlyCount "68"]
[EventDate "2018.10.27"]
[EventType "team-tourn"]
[EventCountry "GER"]
[WhiteTeam "Augsburg SG"]
[BlackTeam "Stuttgart SV Wolfbusch"]
[WhiteTeamCountry "GER"]
[BlackTeamCountry "GER"]

1. g3 c5 2. Bg2 d5 3. Nf3 Nf6 4. d4 e6 5. O-O Be7 6. dxc5 Bxc5 7. c4 O-O 8.
cxd5 Nxd5 9. Qc2 Qc7 10. Nc3 Bb4 11. Bd2 Nxc3 12. bxc3 Be7 13. Ng5 g6 14. Rab1
Nc6 15. Qe4 h6 16. Nf3 Kg7 17. h4 e5 18. Qe3 Rh8 19. Rb5 f6 20. Rfb1 Na5 21.
Qd3 a6 22. R5b2 Rd8 23. Qc2 Nc4 24. h5 Bf5 25. e4 Nxb2 26. exf5 Nc4 27. Rc1 g5
28. Be3 Rac8 29. Kh2 b5 30. a4 Ba3 31. Re1 Nb2 32. axb5 axb5 33. Ra1 Qxc3 34.
Qe2 Nc4 0-1

[Event "FBL S"]
[Site "?"]
[Date "2018.11.17"]
[Round "3.2"]
[White "Li, Zhuoling"]
[Black "Amelang, Astrid"]
[Result "1/2-1/2"]
[WhiteElo "2076"]
[BlackElo "2077"]
[PlyCount "92"]
[EventDate "2018.10.27"]
[EventType "team-tourn"]
[EventCountry "GER"]
[WhiteTeam "Stuttgart SV Wolfbusch"]
[BlackTeam "Augsburg SG"]
[WhiteTeamCountry "GER"]
[BlackTeamCountry "GER"]

1. e4 e6 2. d4 d5 3. Nd2 Nf6 4. e5 Nfd7 5. Bd3 c5 6. c3 Nc6 7. Ne2 cxd4 8. cxd4
Bb4 9. O-O O-O 10. Nf3 f5 11. Nf4 Qe7 12. h4 Re8 13. Be3 Nf8 14. g3 Bd7 15. Kg2
Ba5 16. Rh1 Bb6 17. Be2 Rac8 18. a3 Na5 19. Nd3 h6 20. Nd2 Rc7 21. g4 fxg4 22.
Bxg4 Nc4 23. Nxc4 Rxc4 24. Nf4 Rec8 25. Rc1 Rxc1 26. Bxc1 Rc4 27. Be3 Be8 28.
Be2 Rc8 29. Bd3 Qf7 30. Qg4 h5 31. Qg3 Bd8 32. Rg1 Rc7 33. Kf1 Qe7 34. Ng2 Qf7
35. Ke2 a6 36. Bg5 Bxg5 37. hxg5 g6 38. Qf4 Qxf4 39. Nxf4 Kg7 40. Kd2 Bc6 41.
Bf1 Ba4 42. Bd3 Be8 43. Rg3 Rf7 44. Ke3 Rc7 45. Rg1 Rc8 46. Rb1 Rc7 1/2-1/2